=LDR 00000nam 2200000 4500 =001 INLIS000000000043950 =005 20131008104016 =008 ***********************************ind** =035 ##$$0010-101300000001872 =041 ##$$a ind =082 ##$$a F.Ron.D =090 ##$$a F.Rom.D, Kur c =100 ##$$a Kurniawan, Eka =245 ##$$a Cantik itu luka, Eka Kurniawan =260 ##$$a 2004 $b Jakarta =300 ##$$a 539 hlm, 21 cm =650 ##$$a Fiksi Dewasa =850 ##$$a NBPNMAT